| 000 | 00812nam a2200241 i 4500 | ||
|---|---|---|---|
| 001 | 85463 | ||
| 003 | ES-MaACL | ||
| 005 | 20250806075402.0 | ||
| 007 | t| | ||
| 008 | 041129s1952 sp ||||1| spa d | ||
| 100 | 1 |
_aJuanes González, Adrián. _967151 |
|
| 245 | 1 | 0 |
_aValor clínico de la Fotocolorimetría de la orina / _cA. Juanes González. |
| 260 |
_aSalamanca : _bUniversidad de Salamanca, _c1952 ( _fYagües) |
||
| 300 |
_a59 p. ; _c25 cm. |
||
| 490 | 1 |
_aMedicina. 7 ; _v1 |
|
| 490 | 1 | _aActa Salmanticensia | |
| 500 | _aPrecede al tít.: Acta Salmanticensia. | ||
| 710 | 2 |
_aUniversidad de Salamanca. _97275 |
|
| 830 | 0 | 0 |
_aMedicina (Universidad de Salamanca) _v1 _9231714 |
| 830 | 0 | 0 |
_aActa Salmanticensia _9181394 |
| 852 |
_aES-MaACL _j1977-F-12 _bR.33379 |
||
| 999 |
_c85463 _d85463 |
||